[Event "CZE-chT2E 1415"]
[Site "Czech Republic"]
[Date "2014.12.14"]
[Round "4.4"]
[White "Lamser, Tomas"]
[Black "Dvorak, Adam"]
[Result "1/2-1/2"]
[WhiteElo "1946"]
[BlackElo "2036"]
[PlyCount "46"]
[EventDate "2014.11.02"]
[EventType "team-tourn"]
[EventRounds "11"]
[EventCountry "CZE"]
[SourceTitle "EXT 2022"]
[Source "ChessBase"]
[SourceDate "2021.10.06"]
[SourceVersion "1"]
[SourceVersionDate "2021.10.06"]
[SourceQuality "1"]
[WhiteTeam "Brno Vinohrady"]
[BlackTeam "Brno Lokomotiva II"]
[WhiteTeamCountry "CZE"]
[BlackTeamCountry "CZE"]

1. e4 c5 2. c3 d6 3. d4 Nf6 4. dxc5 Nc6 5. cxd6 Nxe4 6. Bd3 Nxd6 7. Nf3 g6 8. 0-0 Bg7 9. Re1 0-0 10. Bf4 Re8 11. Ne5 Nxe5 12. Bxe5 Bxe5 13. Rxe5 Nc4 14. Rb5 Bf5 15. Be2 Qxd1+ 16. Bxd1 Rad8 17. Be2 Rd7 18. b3 Nd6 19. Rd5 Red8 20. Nd2 Ne4 21. Rxd7 Rxd7 22. Nxe4 Bxe4 23. Rd1 Rxd1+ 1/2-1/2

[Event "CZE-chT2E 1415"]
[Site "Czech Republic"]
[Date "2014.11.30"]
[Round "3.5"]
[White "Lamser, Tomas"]
[Black "Sojka, Ales"]
[Result "0-1"]
[WhiteElo "1946"]
[BlackElo "2124"]
[PlyCount "62"]
[EventDate "2014.11.02"]
[EventType "team-tourn"]
[EventRounds "11"]
[EventCountry "CZE"]
[SourceTitle "EXT 2022"]
[Source "ChessBase"]
[SourceDate "2021.10.06"]
[SourceVersion "1"]
[SourceVersionDate "2021.10.06"]
[SourceQuality "1"]
[WhiteTeam "Brno Vinohrady"]
[BlackTeam "Kromeriz Slavia II"]
[WhiteTeamCountry "CZE"]
[BlackTeamCountry "CZE"]

1. e4 c5 2. Nf3 d6 3. d4 cxd4 4. Nxd4 Nf6 5. Nc3 a6 6. Bc4 e6 7. 0-0 Be7 8. Be3 b5 9. Bd3 Bb7 10. a3 0-0 11. f4 Nbd7 12. g4 Nc5 13. e5 dxe5 14. fxe5 Nd5 15. Nxd5 Qxd5 16. Nf3 Rad8 17. Bxc5 Bxc5+ 18. Kg2 Qxe5 19. Rb1 Rd4 20. Kh3 Qe3 21. Qe1 Rxd3 22. cxd3 Qxd3 23. Rd1 Qg6 24. Ne5 Qh6+ 25. Kg3 f5 26. h4 g5 27. h5 Bd5 28. gxf5 Bd6 29. Qe3 Qf6 30. Rde1 exf5 31. Qd4 Bc4 0-1

[Event "Ostrava Konik op"]
[Site "Ostrava"]
[Date "2014.04.30"]
[Round "5"]
[White "Lamser, Tomas"]
[Black "Chlebek, Jan"]
[Result "1-0"]
[WhiteElo "1941"]
[BlackElo "1543"]
[PlyCount "75"]
[EventDate "2014.04.26"]
[EventType "swiss"]
[EventRounds "9"]
[EventCountry "CZE"]
[SourceTitle "CBM 160 Extra"]
[Source "ChessBase"]
[SourceDate "2014.07.01"]
[SourceVersion "1"]
[SourceVersionDate "2014.07.01"]
[SourceQuality "1"]

1. e4 c5 2. Nf3 d6 3. d3 Nc6 4. g3 Nf6 5. Bg2 g6 6. 0-0 Bg7 7. Bg5 Bg4 8. h3 Bd7 9. Qd2 h6 10. Be3 g5 11. e5 dxe5 12. Bxc5 Bxh3 13. Bxh3 g4 14. Bg2 gxf3 15. Bxf3 Qc7 16. Nc3 Nd4 17. Bxd4 exd4 18. Nb5 Qb6 19. Qb4 0-0 20. a4 e5 21. Qe7 Rfe8 22. Qxb7 Qxb7 23. Bxb7 Rab8 24. Bg2 a6 25. Nd6 Red8 26. Nc4 h5 27. Rab1 Rdc8 28. b4 Bh6 29. b5 axb5 30. axb5 Kh8 31. b6 Rg8 32. Nxe5 Rg7 33. Nc6 Rbg8 34. b7 Bf4 35. b8Q Bxb8 36. Rxb8 Ne8 37. Ne7 Rf8 38. Bc6 1-0

[Event "Ostrava Konik op"]
[Site "Ostrava"]
[Date "2014.04.29"]
[Round "4"]
[White "Kusak, Lubomir"]
[Black "Lamser, Tomas"]
[Result "1-0"]
[WhiteElo "1685"]
[BlackElo "1941"]
[PlyCount "63"]
[EventDate "2014.04.26"]
[EventType "swiss"]
[EventRounds "9"]
[EventCountry "CZE"]
[SourceTitle "CBM 160 Extra"]
[Source "ChessBase"]
[SourceDate "2014.07.01"]
[SourceVersion "1"]
[SourceVersionDate "2014.07.01"]
[SourceQuality "1"]

1. e4 d6 2. c4 Nf6 3. Nc3 c5 4. f4 Nc6 5. Nf3 g6 6. d4 cxd4 7. Nxd4 Bg7 8. Nxc6 bxc6 9. Be2 Qb6 10. Bf3 Be6 11. Qe2 Nd7 12. Be3 Qb4 13. e5 Bxc4 14. Qd2 Rc8 15. a3 Qb8 16. exd6 exd6 17. Bd4 Nf6 18. Qe3+ Kf8 19. 0-0-0 c5 20. Bxf6 Bxf6 21. Bd5 Re8 22. Qd2 Bd4 23. Rhe1 Bxd5 24. Nxd5 Kg7 25. f5 f6 26. g4 Qb3 27. Nf4 Be3 28. Rxe3 Rxe3 29. Ne6+ Kf7 30. Qxd6 Rxe6 31. fxe6+ Qxe6 32. Qc7+ 1-0

[Event "CZE-chT2E 0809"]
[Site "Czech Republic"]
[Date "2009.04.05"]
[Round "11.7"]
[White "Lamser, Tomas"]
[Black "Petrzela, Pavel"]
[Result "1/2-1/2"]
[WhiteElo "1931"]
[BlackElo "2036"]
[PlyCount "22"]
[EventDate "2008.10.12"]
[EventType "team-tourn"]
[EventRounds "11"]
[EventCountry "CZE"]
[SourceTitle "EXT 2010"]
[Source "ChessBase"]
[SourceDate "2010.11.25"]
[SourceVersion "1"]
[SourceVersionDate "2010.11.25"]
[SourceQuality "1"]
[WhiteTeam "Brno Lokomotiva II"]
[BlackTeam "Holesov"]
[WhiteTeamCountry "CZE"]
[BlackTeamCountry "CZE"]

1. e4 c6 2. d4 d5 3. exd5 cxd5 4. c4 Nf6 5. Nc3 g6 6. Qb3 Bg7 7. cxd5 0-0 8. Nge2 Nbd7 9. Nf4 Qb6 10. Qc4 Ne8 11. Be3 Nd6 1/2-1/2

[Event "CZE-chT2E 0809"]
[Site "Czech Republic"]
[Date "2008.10.12"]
[Round "1.5"]
[White "Lamser, Tomas"]
[Black "Bednar, Jakub"]
[Result "0-1"]
[WhiteElo "1931"]
[BlackElo "2103"]
[PlyCount "58"]
[EventDate "2008.10.12"]
[EventType "team-tourn"]
[EventRounds "11"]
[EventCountry "CZE"]
[SourceTitle "EXT 2010"]
[Source "ChessBase"]
[SourceDate "2010.11.25"]
[SourceVersion "1"]
[SourceVersionDate "2010.11.25"]
[SourceQuality "1"]
[WhiteTeam "Brno Lokomotiva II"]
[BlackTeam "Brno Lokomotiva III"]
[WhiteTeamCountry "CZE"]
[BlackTeamCountry "CZE"]

1. e4 c5 2. Nf3 Nc6 3. d4 cxd4 4. Nxd4 Nf6 5. Nc3 e5 6. Ndb5 d6 7. Bg5 a6 8. Na3 b5 9. Nd5 Be7 10. Bxf6 Bxf6 11. Be2 0-0 12. c3 Bg5 13. 0-0 Ne7 14. f4 Nxd5 15. Qxd5 Be6 16. Qd3 Bxf4 17. Rad1 Qb6+ 18. Kh1 Bxa2 19. Qxd6 Qxd6 20. Rxd6 Bb3 21. Bd1 Be6 22. Be2 Rfd8 23. Rfd1 Rxd6 24. Rxd6 Bc1 25. Nc2 Bxb2 26. Nb4 a5 27. Na6 Rc8 28. Nc7 Ba3 29. Rd2 Rxc7 0-1

[Event "CZE-ch Juniors op-A"]
[Site "Sec u Chrudimi"]
[Date "2008.03.13"]
[Round "7"]
[White "Seidl, Pavel"]
[Black "Lamser, Tomas"]
[Result "0-1"]
[WhiteElo "1877"]
[BlackElo "1967"]
[PlyCount "122"]
[EventDate "2008.03.08"]
[EventType "swiss"]
[EventRounds "9"]
[EventCountry "CZE"]
[SourceTitle "EXT 2009"]
[Source "ChessBase"]
[SourceDate "2008.11.26"]
[SourceVersion "1"]
[SourceVersionDate "2008.11.26"]
[SourceQuality "1"]

1. e4 d6 2. d4 Nf6 3. Nc3 g6 4. Be3 Bg7 5. Qd2 0-0 6. f3 Re8 7. h4 h5 8. Be2 Nbd7 9. g4 c6 10. Nh3 e5 11. 0-0-0 Qc7 12. gxh5 Nxh5 13. Rdg1 Ndf6 14. f4 Bxh3 15. Bxh5 Nxh5 16. Rxh3 exd4 17. Bxd4 Bxd4 18. Qxd4 Nxf4 19. Rhg3 Nh5 20. Rg5 Re5 21. Rxe5 dxe5 22. Qd1 Qb6 23. Rg5 Rd8 24. Qg1 Qxg1+ 25. Rxg1 Kg7 26. a4 Nf4 27. a5 Rh8 28. Rg4 Kf6 29. Kd2 Ke6 30. Na4 Kd6 31. b4 Nh5 32. Nc5 b6 33. axb6 axb6 34. Na4 Nf6 35. Rg1 Nxe4+ 36. Ke3 b5 37. Nb2 Rxh4 38. Rd1+ Ke6 39. Rd8 Nd6 40. Nd3 Ke7 41. Ra8 Nc4+ 42. Ke2 Rh2+ 43. Kd1 Ne3+ 44. Kc1 Rxc2+ 45. Kb1 e4 46. Ra7+ Kf6 47. Nc5 Rxc5 48. bxc5 Ke6 49. Rc7 Kd5 50. Rxf7 Nc4 51. Re7 Ne5 52. Kc2 b4 53. Re8 e3 54. Re7 b3+ 55. Kd1 b2 56. Rb7 Nc4 57. Ke2 Kxc5 58. Rb3 Kd4 59. Kd1 g5 60. Kc2 e2 61. Rd3+ Kc5 0-1

[Event "CZE-ch Juniors op-A"]
[Site "Sec u Chrudimi"]
[Date "2008.03.11"]
[Round "5"]
[White "Priesol, Tomas"]
[Black "Lamser, Tomas"]
[Result "0-1"]
[WhiteElo "1799"]
[BlackElo "1967"]
[PlyCount "56"]
[EventDate "2008.03.08"]
[EventType "swiss"]
[EventRounds "9"]
[EventCountry "CZE"]
[SourceTitle "EXT 2009"]
[Source "ChessBase"]
[SourceDate "2008.11.26"]
[SourceVersion "1"]
[SourceVersionDate "2008.11.26"]
[SourceQuality "1"]

1. e4 d6 2. d4 Nf6 3. Nc3 g6 4. f4 Bg7 5. Nf3 0-0 6. Bd3 c5 7. Be3 cxd4 8. Bxd4 Nc6 9. Bf2 Ng4 10. 0-0 Nxf2 11. Rxf2 Bg4 12. Rb1 Bd4 13. h3 Bxf2+ 14. Kxf2 Qb6+ 15. Kf1 Bxf3 16. Qxf3 Nd4 17. Qf2 Ne6 18. Qh4 Nc7 19. Qxe7 Rfe8 20. Qf6 Re6 21. Qh4 Qc5 22. f5 Re5 23. g4 d5 24. exd5 Nxd5 25. Ne4 Ne3+ 26. Ke2 Nxc2 27. Kd2 Rxe4 28. Rc1 Qe3+ 0-1

[Event "CZE-ch Juniors op-A"]
[Site "Sec u Chrudimi"]
[Date "2008.03.10"]
[Round "3"]
[White "Vecera, Petr"]
[Black "Lamser, Tomas"]
[Result "1/2-1/2"]
[WhiteElo "1735"]
[BlackElo "1943"]
[PlyCount "90"]
[EventDate "2008.03.08"]
[EventType "swiss"]
[EventRounds "9"]
[EventCountry "CZE"]
[SourceTitle "EXT 2009"]
[Source "ChessBase"]
[SourceDate "2008.11.26"]
[SourceVersion "1"]
[SourceVersionDate "2008.11.26"]
[SourceQuality "1"]

1. e4 d6 2. d4 Nf6 3. Nc3 g6 4. Be2 Bg7 5. Be3 c6 6. Qd2 b5 7. a3 a5 8. d5 Bb7 9. dxc6 Bxc6 10. Bxb5 Bxb5 11. Nxb5 Nxe4 12. Qd5 Bxb2 13. Qxa8 Nc3 14. Bd4 Bxa1 15. Bxc3 Bxc3+ 16. Nxc3 0-0 17. Nge2 Qb6 18. Qe4 e6 19. 0-0 Nd7 20. Qd4 Rc8 21. Qxb6 Nxb6 22. Rb1 Nc4 23. a4 Na3 24. Rb2 d5 25. f3 d4 26. Nb5 Nxc2 27. Nbxd4 Nxd4 28. Nxd4 Rc4 29. Nc2 Rxa4 30. Kf2 e5 31. Ke3 f5 32. g3 e4 33. fxe4 Rxe4+ 34. Kd3 h5 35. h3 Re7 36. Rb5 h4 37. g4 fxg4 38. hxg4 Ra7 39. Ke4 a4 40. Rb1 a3 41. Ra1 Ra4+ 42. Kf3 g5 43. Rxa3 Rf4+ 44. Kg2 Rxg4+ 45. Kh3 Rg3+ 1/2-1/2

[Event "CZE-ch Juniors op-B"]
[Site "Sec u Chrudimi"]
[Date "2007.03.17"]
[Round "9"]
[White "Strnad, Radek"]
[Black "Lamser, Tomas"]
[Result "1-0"]
[WhiteElo "1250"]
[BlackElo "1786"]
[PlyCount "62"]
[EventDate "2007.03.10"]
[EventType "swiss"]
[EventRounds "9"]
[EventCountry "CZE"]
[SourceTitle "EXT 2008"]
[Source "ChessBase"]
[SourceDate "2007.11.25"]
[SourceVersion "1"]
[SourceVersionDate "2007.11.25"]
[SourceQuality "1"]

1. e4 d6 2. d4 Nf6 3. Nc3 g6 4. g3 Bg7 5. Bg2 0-0 6. Nge2 Nbd7 7. 0-0 e5 8. d5 a5 9. Bg5 Nc5 10. a3 Bg4 11. b4 axb4 12. axb4 Rxa1 13. Qxa1 Na6 14. f3 Bd7 15. Na2 Bb5 16. Nac3 Bxe2 17. Nxe2 Nxb4 18. Qb2 c5 19. c3 Nd3 20. Qb5 Nb4 21. cxb4 cxb4 22. Qxb4 Qc7 23. Rc1 Qd7 24. Qb6 Rc8 25. Rxc8+ Qxc8 26. Qxd6 Ne8 27. Qd8 Qc5+ 28. Kf1 Qb5 29. Kf2 Bf8 30. Bh3 Bc5+ 31. Kg2 Bb6 1-0

[Event "CZE-ch Juniors op-B"]
[Site "Sec u Chrudimi"]
[Date "2007.03.11"]
[Round "2"]
[White "Stransky, Vojtech"]
[Black "Lamser, Tomas"]
[Result "1-0"]
[WhiteElo "1545"]
[BlackElo "1786"]
[PlyCount "107"]
[EventDate "2007.03.10"]
[EventType "swiss"]
[EventRounds "9"]
[EventCountry "CZE"]
[SourceTitle "EXT 2008"]
[Source "ChessBase"]
[SourceDate "2007.11.25"]
[SourceVersion "1"]
[SourceVersionDate "2007.11.25"]
[SourceQuality "1"]

1. Nf3 Nf6 2. b3 g6 3. Bb2 Bg7 4. e3 0-0 5. d4 d6 6. c4 Nbd7 7. Be2 c5 8. 0-0 a6 9. Nc3 b6 10. Qc2 Bb7 11. Rfd1 e6 12. dxc5 Nxc5 13. Nd2 Qc7 14. Bf3 Rfd8 15. b4 Ncd7 16. Bxb7 Qxb7 17. Nf3 Rac8 18. Rxd6 Rxc4 19. Qb3 Qc7 20. Rad1 Bf8 21. R6d4 Rxd4 22. Rxd4 Bg7 23. Rd1 Ng4 24. h3 Nge5 25. Nxe5 Bxe5 26. Na4 Bh2+ 27. Kh1 Bd6 28. Qc3 Qxc3 29. Bxc3 Be7 30. a3 b5 31. Nc5 Nxc5 32. Rxd8+ Bxd8 33. bxc5 Be7 34. c6 Bd6 35. Ba5 Kf8 36. c7 Bxc7 37. Bxc7 Ke7 38. Ba5 Kd7 39. Kh2 Kc6 40. Kg3 Kc5 41. Kf4 f6 42. g4 h6 43. h4 Kd5 44. e4+ Kc4 45. Bb4 g5+ 46. hxg5 hxg5+ 47. Ke3 Kb3 48. Be7 a5 49. f4 Kc4 50. Bxf6 b4 51. axb4 axb4 52. fxg5 Kc5 53. Be7+ Kc4 54. Bxb4 1-0

[Event "CZE-chT U18 0506"]
[Site "Czech Republic"]
[Date "2006.01.29"]
[Round "7"]
[White "Miturova, Magdalena"]
[Black "Lamser, Tomas"]
[Result "1/2-1/2"]
[WhiteElo "1544"]
[BlackElo "1551"]
[PlyCount "66"]
[EventDate "2005.10.08"]
[EventType "team"]
[EventRounds "11"]
[EventCountry "CZE"]
[SourceTitle "EXT 2009"]
[Source "ChessBase"]
[SourceDate "2008.11.26"]
[SourceVersion "1"]
[SourceVersionDate "2008.11.26"]
[SourceQuality "1"]
[WhiteTeam "Frydek Mistek II"]
[BlackTeam "Brno"]
[WhiteTeamCountry "CZE"]
[BlackTeamCountry "CZE"]

1. e4 d6 2. d4 g6 3. f4 Bg7 4. Nf3 Nf6 5. Nc3 0-0 6. Bd3 Nbd7 7. 0-0 c5 8. d5 Qc7 9. Qe2 Nb6 10. Nb5 Qb8 11. c4 Bd7 12. Nc3 Na4 13. Nxa4 Bxa4 14. Rb1 a6 15. b3 Bd7 16. a4 b5 17. axb5 axb5 18. Bd2 b4 19. h3 Ra2 20. Qe1 Qc8 21. Nh4 Bxh3 22. gxh3 Qxh3 23. Rf3 Qg4+ 24. Kf1 Rxd2 25. Qxd2 Qxh4 26. Qf2 Qh5 27. Qg2 Qh6 28. Qh3 Qxh3+ 29. Rxh3 Nh5 30. Rf3 e5 31. f5 Nf4 32. Re1 h5 33. Ree3 Bh6 1/2-1/2